Les grandes fêtes chrétiennes (ordre liturgique) - Statistiques

Statistiques générales
  • Ce quiz a été pris 27 fois
  • Le résultat moyen est 5 sur 12
Statistiques - réponses
Par images Réponse % Correct
Noël
100%
Pâques
83%
Ascension
57%
Vendredi saint
43%
Mercredi des Cendres
39%
Dimanche des Rameaux
35%
Épiphanie
35%
Jeudi saint
35%
Pentecôte
35%
Premier dimanche de l’Avent
17%
Toussaint
17%
Christ-Roi
13%
Aucun quiz correspondant
Distribution des résultats
% des personnes avec chaque résultat
Percentile par nombre de réponses
Votre historique - résultats
Vous n’avez pas pris ce quiz